Journal of Pedagogy pedagogický časopis

Enregistré dans:
Détails bibliographiques
Format: Publication en série
Langue:anglais
Publié: Trnava Trnavská univerzita v Trnave 2014
Sujets:
Tags: Ajouter un tag
Pas de tags, Soyez le premier à ajouter un tag!

MARC

LEADER 00000nas2a2200000 4500
001 0252059
005 20190318093102.4
022 |a 1338-1563 
041 0 |a eng 
044 |a SK 
245 1 0 |a Journal of Pedagogy  |b pedagogický časopis 
264 1 |a Trnava  |b Trnavská univerzita v Trnave  |c 2014 
773 0 |w eu_un_cat*0195041 
610 2 0 |a pedagogika 
610 2 0 |a vzdelávanie 
610 2 0 |a politika vzdelávania